000 00935nas a2200277Ia 4500
001 A50//R028-4008 [r000001129]
003 IT-MiCISF
008 161014c99999999xx |||||||||||| ||und||
040 _aIT-MiCISF
_cIT-MiCISF
041 _aITALIANO
100 _aScabini Pino
210 _aLa famiglia
222 _aLa famiglia
245 0 _aForza e debolezza della famiglia
250 _a1a ed.
260 _c1985
501 _bCISF - Centro Internazionale Studi Famiglia - Via Giotto, 36 20145 MILANO (non commercial uses only)
_cCopyright 2016
300 _app. 52-65
362 _a111, mag-giu. [1985]
500 _aDocumenti della commissione n. 5 al Cconvegno di Loreto Tema: famiglia, società, matrimonio, chiesa-domestica, chiesa, crisi-famiglia, educazione-familiare
650 _aFAMIGLIA
_vdossier
700 _a Campanini Giorgio
700 _a Vecchio Giorgio
942 _cCR
957 _71
999 _a4008
_bSi
_g1
_c221968
_d221968